Cyclisme : Ville de départ du Tour de France - Statistiques

Statistiques générales
  • Ce quiz a été pris 202 fois
  • Le résultat moyen est 33 sur 78
Statistiques - réponses
Année Région % Correct
2020 Nice
91%
1981 Nice
91%
2003 Paris
89%
1963 Paris
89%
1950 Paris
89%
1949 Paris
89%
1948 Paris
89%
1947 Paris
89%
1994 Lille
86%
1960 Lille
86%
2019 Bruxelles
85%
1958 Bruxelles
85%
2021 Brest
84%
2008 Brest
84%
1974 Brest
84%
1952 Brest
84%
2022 Copenhague
84%
2023 Bilbao
77%
2007 Londres
75%
2024 Florence
73%
1991 Lyon
72%
2006 Strasbourg
71%
1953 Strasbourg
71%
1964 Rennes
66%
1954 Amsterdam
65%
1957 Nantes
63%
1951 Metz
47%
1997 Rouen
47%
1961 Rouen
47%
1966 Nancy
44%
1962 Nancy
44%
2002 Luxembourg
42%
1989 Luxembourg
42%
2009 Monaco
42%
1956 Reims
42%
1955 Le Havre
41%
2012 Liège
41%
2004 Liège
41%
2017 Düsseldorf
39%
2016 Mont-Saint-Michel
39%
2010 Rotterdam
37%
1998 Dublin
36%
2001 Dunkerque
36%
2015 Utrecht
34%
1969 Roubaix
33%
2018 Noirmoutier
32%
2014 Leeds
29%
2013 Porto-Vecchio
28%
1972 Angers
27%
1967 Angers
27%
1980 Francfort-sur-le-Main
27%
1970 Limoges
27%
1992 Saint-Sébastien
24%
1971 Mulhouse
23%
1959 Mulhouse
23%
1982 Bâle
21%
2000 Futuroscope
19%
1990 Futuroscope
19%
1999 Puy-du-Fou
18%
1993 Puy-du-Fou
18%
1965 Cologne
16%
1995 Saint-Brieuc
16%
1987 Berlin-Ouest
9%
1975 Charleroi
8%
1996 Bois le Duc
6%
2011 Passage-du-Gois
6%
1986 Boulogne-Billancourt
4%
1979 Fleurance
4%
1977 Fleurance
4%
2005 Fromentine
4%
1985 Plumelec
4%
1984 Montreuil
3%
1988 Pontchâteau
3%
1968 Vittel
3%
1978 Leyde
2%
1983 Fontenay-sous-Bois
1%
1976 Saint-Hilaire-de-Riez
1%
1973 Schéveningue
1%
Aucun quiz correspondant
Distribution des résultats
% des personnes avec chaque résultat
Percentile par nombre de réponses
Votre historique - résultats
Vous n’avez pas pris ce quiz